[Event "25th ECh U20"]
[Site "Tallinn EST"]
[Date "1997.09.15"]
[Round "6"]
[White "Dumitrescu, Dragos"]
[Black "Johansen, Terje"]
[Result "0-1"]
[WhiteElo "2410"]
[BlackElo "2210"]
[EventDate "1997.09.10"]
[PlyCount "122"]

1.d4 d5 2.Bg5 c6 3.Nf3 h6 4.Bh4 Qb6 5.b3 Bf5 6.e3 e6 7.Bd3 Bb4+ 8.c3 Bxd3 
9.Qxd3 Be7 10.Bg3 Nf6 11.Nbd2 Nbd7 12.O-O O-O 13.h3 c5 14.c4 Rac8 15.Ne5 
Rfd8 16.cxd5 Nxd5 17.Ndc4 Qa6 18.Rfd1 cxd4 19.exd4 N7f6 20.a4 Nb4 21.Qe2 
Nc6 22.Qb2 Nd5 23.Rac1 Bf6 24.Kh2 Nce7 25.Ra1 Nf5 26.b4 b5 27.axb5 Qxb5 
28.Ra5 Qb7 29.b5 Nxg3 30.fxg3 Bxe5 31.Nxe5 Ne3 32.Rd2 Nf1+ 33.Kh1 Nxd2 34.
Qxd2 Rd5 35.Qf4 Rf8 36.Qf1 Rxd4 37.Nc6 Rd7 38.Rxa7 Qxa7 39.Nxa7 Rxa7 40.g4
Rb7 41.h4 Rfb8 42.g5 hxg5 43.hxg5 Rxb5 44.Qf4 g6 45.Kh2 e5 46.Qe4 Rd8 47.
Qc4 Rdd5 48.Qe4 Rd4 49.Qa8+ Kg7 50.Qc6 Rbd5 51.Qf6+ Kg8 52.Qe7 e4 53.Qe8+ 
Kg7 54.Qe7 Rf5 55.g4 Rd2+ 56.Kg1 Ra5 57.Qf6+ Kg8 58.Qc3 Raa2 59.Qc1 e3 60.
Qb1 Rg2+ 61.Kh1 Rh2+ 0-1

[Event "25th ECh U20"]
[Site "Tallinn EST"]
[Date "1997.09.15"]
[Round "6"]
[White "Shishkov, Andrei"]
[Black "Lytschak, Alexander"]
[Result "1/2-1/2"]
[WhiteElo "2230"]
[BlackElo "2390"]
[EventDate "1997.09.10"]
[PlyCount "85"]

1.d4 d6 2.e4 Nf6 3.f3 Nbd7 4.Be3 e5 5.d5 Be7 6.c4 Nh5 7.Qd2 h6 8.Nh3 Nc5 
9.g4 Bh4+ 10.Kd1 Nf6 11.Nc3 a5 12.Kc2 Bd7 13.Rd1 b6 14.Nf2 Nh7 15.Be2 Qf6 
16.Nd3 Nxd3 17.Qxd3 Nf8 18.Rdf1 Ng6 19.Qd2 Bg5 20.Bd3 Nf4 21.Bxf4 Bxf4 22.
Qg2 h5 23.h4 g5 24.hxg5 Qxg5 25.Rfg1 h4 26.Rh3 a4 27.Rgh1 Qf6 28.Qe2 Ra5 
29.Kb1 Ke7 30.Bc2 Bg5 31.Qd1 Rha8 32.a3 Qh8 33.Bd3 Rb8 34.Qe2 Ra7 35.Ka2 
Qc8 36.Qf2 Qh8 37.Qe2 Qf6 38.Qc2 Raa8 39.Qe2 Rh8 40.Qc2 Qg7 41.Qd1 Qf8 42.
R1h2 Qb8 43.Qe1 1/2-1/2

[Event "25th ECh U20"]
[Site "Tallinn EST"]
[Date "1997.09.15"]
[Round "6"]
[White "Janssen, Ruud"]
[Black "Grotz, Harald"]
[Result "0-1"]
[WhiteElo "2330"]
[BlackElo "2245"]
[EventDate "1997.09.10"]
[PlyCount "88"]

1.c4 g6 2.Nf3 Bg7 3.Nc3 d6 4.d4 Nf6 5.e4 O-O 6.Be2 e5 7.O-O Nc6 8.d5 Ne7 
9.Nd2 a5 10.a3 Nd7 11.Rb1 f5 12.b4 axb4 13.axb4 Kh8 14.Qc2 Ng8 15.exf5 
gxf5 16.f4 e4 17.Nb3 c6 18.Be3 Ndf6 19.dxc6 bxc6 20.h3 Ne7 21.Rfd1 Qc7 22.
Nd4 Bd7 23.Ra1 Ng6 24.Qd2 Bh6 25.Nc2 Rxa1 26.Rxa1 d5 27.g3 Bg7 28.c5 Rg8 
29.Bd4 h5 30.h4 Kh7 31.Rf1 Bc8 32.Kh2 Qe7 33.Nd1 Bh6 34.Qe1 e3 35.Ndxe3 
Ne4 36.Bxh5 Nxg3 37.Bxg6+ Rxg6 38.Qxg3 Rxg3 39.Kxg3 Ba6 40.Ra1 Bd3 41.Ne1 
Qe4 42.Ra7+ Kg8 43.Ra8+ Kf7 44.Nf3 Qxf4+ 0-1

[Event "25th ECh U20"]
[Site "Tallinn EST"]
[Date "1997.09.15"]
[Round "6"]
[White "Marzolo, Cyril"]
[Black "Pandars, Maris"]
[Result "1-0"]
[WhiteElo "2320"]
[BlackElo "2205"]
[EventDate "1997.09.10"]
[PlyCount "117"]

1.d4 e6 2.c4 c5 3.d5 exd5 4.cxd5 d6 5.Nc3 Be7 6.e4 a6 7.Nf3 Bg4 8.Be2 Bf6 
9.e5 dxe5 10.O-O Ne7 11.Nxe5 Bxe5 12.Bxg4 O-O 13.Be3 f5 14.Bf3 Bd6 15.Qb3 
Nd7 16.Na4 b6 17.Bf4 c4 18.Qe3 Bxf4 19.Qxf4 b5 20.Qe3 Rc8 21.Nc3 Nc5 22.
Rad1 Qd6 23.b4 Nd3 24.a3 Rfe8 25.Qd4 Ng6 26.g3 Rc7 27.Be2 Nde5 28.f4 Nf7 
29.Bf3 Rce7 30.Kf2 Nf8 31.Rfe1 Rxe1 32.Rxe1 Rxe1 33.Kxe1 Nd7 34.Kd2 h6 35.
Qe3 g6 36.Qe6 Kg7 37.h4 h5 38.Ne2 Nb6 39.Nd4 Qxe6 40.Nxe6+ Kf6 41.Nc5 Ke7 
42.Kc3 Nd6 43.Kd4 Nd7 44.Nxa6 Kf6 45.Nc7 Ke7 46.Bd1 Kf6 47.a4 bxa4 48.Bxa4
Nb6 49.Ne8+ Ke7 50.Nxd6 Kxd6 51.Be8 Nxd5 52.Bxg6 c3 53.Bxf5 Nxb4 54.Kxc3 
Nd5+ 55.Kd4 Nf6 56.Bh3 Ne8 57.Ke4 Ng7 58.f5 Ke7 59.Ke5 1-0

[Event "25th ECh U20"]
[Site "Tallinn EST"]
[Date "1997.09.15"]
[Round "6"]
[White "Jakupovic, Neven"]
[Black "Williams, Simon"]
[Result "0-1"]
[WhiteElo "2090"]
[BlackElo "2310"]
[EventDate "1997.09.10"]
[PlyCount "60"]

1.e4 e6 2.d4 d5 3.Nc3 Bb4 4.e5 b6 5.Qg4 Bf8 6.Bb5+ c6 7.Ba4 a5 8.Bb3 Ba6 
9.Nge2 h5 10.Qf3 Ne7 11.Bg5 Qd7 12.Bxe7 Bxe7 13.a3 Ra7 14.Nf4 g6 15.Nce2 
c5 16.O-O cxd4 17.Rfd1 a4 18.Ba2 Nc6 19.Nxd4 Nxe5 20.Qg3 Bf6 21.Re1 h4 22.
Qc3 O-O 23.Rad1 Nc4 24.Bxc4 Bxc4 25.Qf3 Bg7 26.Nh3 e5 27.Ne2 f5 28.Qe3 f4 
29.Qxb6 f3 30.Nc3 Qg4 0-1

[Event "25th ECh U20"]
[Site "Tallinn EST"]
[Date "1997.09.15"]
[Round "6"]
[White "Rylander, Dennis"]
[Black "Andrade, Jose Veira"]
[Result "1-0"]
[WhiteElo "2100"]
[BlackElo "2100"]
[EventDate "1997.09.10"]
[PlyCount "69"]

1.d4 Nf6 2.c4 g6 3.Nc3 Bg7 4.e4 d6 5.f4 O-O 6.Nf3 a6 7.Be2 c5 8.dxc5 Qa5 
9.O-O Qxc5+ 10.Kh1 Ng4 11.Nd5 e6 12.Ne7+ Kh8 13.Nxc8 Rxc8 14.Qd3 Kg8 15.
Ng5 Nf6 16.Be3 Qc7 17.Rad1 Nc6 18.a3 h6 19.Nh3 a5 20.b3 Rd8 21.Nf2 Nd7 22.
Bf3 Nc5 23.Qc2 a4 24.b4 Nb3 25.f5 Nbd4 26.Qd2 Nxf3 27.gxf3 g5 28.f4 exf5 
29.fxg5 hxg5 30.Bxg5 f6 31.Bh6 Kh7 32.Bxg7 Qxg7 33.Rg1 Qf7 34.Qf4 Rf8 35.
Qxf5+ 1-0

[Event "25th ECh U20"]
[Site "Tallinn EST"]
[Date "1997.09.16"]
[Round "7"]
[White "Tyomkin, Dimitri"]
[Black "Belozerov, Andrei"]
[Result "1-0"]
[WhiteElo "2390"]
[BlackElo "2450"]
[EventDate "1997.09.10"]
[PlyCount "111"]

1.d4 Nf6 2.Nf3 g6 3.c4 Bg7 4.Nc3 O-O 5.e4 d6 6.Be2 e5 7.Be3 h6 8.h3 exd4 
9.Nxd4 Re8 10.Qc2 Qe7 11.f3 c6 12.O-O-O d5 13.cxd5 cxd5 14.Rhe1 dxe4 15.
fxe4 Na6 16.Bc4 Nb4 17.Qb3 Nc6 18.Nxc6 bxc6 19.Bf4 Be6 20.Bxe6 Qxe6 21.
Qxe6 Rxe6 22.e5 Nh7 23.Ne4 g5 24.Bg3 Nf8 25.Nc5 Re7 26.Rd6 Rae8 27.Rxc6 
Bxe5 28.Bxe5 Rxe5 29.Rxe5 Rxe5 30.b4 Re2 31.a4 Rxg2 32.b5 g4 33.hxg4 Rxg4 
34.Kd2 h5 35.a5 h4 36.b6 axb6 37.axb6 h3 38.b7 h2 39.Rh6 Rb4 40.Kc3 Rb5 
41.Kc4 Rb1 42.Rxh2 Nd7 43.Nb3 Rd1 44.Rd2 Rxd2 45.Nxd2 f5 46.Kd5 f4 47.Kd6 
Nb8 48.Nf3 Kg7 49.Kc7 Na6+ 50.Kb6 Nb8 51.Ne5 f3 52.Nxf3 Kf6 53.Kc7 Na6+ 
54.Kd6 Kf7 55.Ne5+ Ke8 56.Nc6 1-0

[Event "25th ECh U20"]
[Site "Tallinn EST"]
[Date "1997.09.16"]
[Round "7"]
[White "Bakhtadze, Giorgi"]
[Black "Stocek, Jiri"]
[Result "1/2-1/2"]
[WhiteElo "2365"]
[BlackElo "2470"]
[EventDate "1997.09.10"]
[PlyCount "82"]

1.Nf3 Nf6 2.b3 g6 3.Bb2 Bg7 4.e3 O-O 5.Be2 b6 6.O-O Bb7 7.c4 c5 8.d4 e6 9.
Nc3 Re8 10.Qc2 a6 11.Rad1 Nc6 12.dxc5 bxc5 13.Qb1 Qe7 14.Ne1 Rad8 15.Bf3 
d6 16.Nd3 h5 17.h3 Nd7 18.Nf4 Nde5 19.Be2 Qc7 20.Bxh5 gxh5 21.Nxh5 f5 22.
f4 Ng6 23.Nd5 exd5 24.Nxg7 Nce7 25.Nxf5 Qd7 26.Nxe7+ Nxe7 27.f5 Kf7 28.f6 
Ng6 29.cxd5 Rxe3 30.Rf5 Rg3 31.Rh5 Qe8 32.Rh7+ Kf8 33.Re1 Re3 34.Rxe3 
Qxe3+ 35.Kh1 Qg3 36.Rxb7 Re8 37.Re7 Nxe7 38.fxe7+ Rxe7 39.Qf5+ Ke8 40.Qc8+
Kf7 41.Qf5+ Ke8 1/2-1/2

[Event "25th ECh U20"]
[Site "Tallinn EST"]
[Date "1997.09.16"]
[Round "7"]
[White "Belichev, Nikolai"]
[Black "Rowson, Jonathan"]
[Result "1/2-1/2"]
[WhiteElo "2345"]
[BlackElo "2490"]
[EventDate "1997.09.10"]
[PlyCount "58"]

1.d4 e6 2.Nf3 c5 3.c4 cxd4 4.Nxd4 Nf6 5.g3 Bb4+ 6.Nc3 O-O 7.Bg2 d5 8.cxd5 
Nxd5 9.Bd2 Bxc3 10.bxc3 Nb6 11.O-O Na6 12.Bc1 Qe7 13.Nb5 Rd8 14.Ba3 Rxd1 
15.Bxe7 Rd7 16.Rfd1 g6 17.Bb4 Nd5 18.a3 Nac7 19.c4 Nxb5 20.cxd5 a5 21.Be1 
e5 22.e3 Rd8 23.Rdc1 Bd7 24.Rab1 Nxa3 25.Rxb7 Nb5 26.Ra1 a4 27.Bb4 Rab8 
28.d6 Rxb7 29.Bxb7 Be6 1/2-1/2

[Event "25th ECh U20"]
[Site "Tallinn EST"]
[Date "1997.09.16"]
[Round "7"]
[White "Banikas, Hristos"]
[Black "Agopov, Mikael"]
[Result "1-0"]
[WhiteElo "2450"]
[BlackElo "2300"]
[EventDate "1997.09.10"]
[PlyCount "61"]

1.d4 Nf6 2.c4 g6 3.Nc3 Bg7 4.e4 d6 5.f4 O-O 6.Nf3 c5 7.d5 b5 8.cxb5 a6 9.
a4 e6 10.Be2 Bb7 11.O-O axb5 12.Bxb5 exd5 13.exd5 Nbd7 14.f5 Ne5 15.Nxe5 
dxe5 16.fxg6 fxg6 17.Bg5 Qb6 18.Qe2 Nh5 19.Rxf8+ Rxf8 20.a5 Qa7 21.Bc4 Nf4
22.Qe3 Ba6 23.Bxa6 Qxa6 24.Bxf4 Rxf4 25.Qxc5 Bf8 26.Qe3 Qc4 27.Kh1 Bb4 28.
Qe2 Qc7 29.a6 Bc5 30.d6 Qf7 31.Ne4 1-0

[Event "25th ECh U20"]
[Site "Tallinn EST"]
[Date "1997.09.16"]
[Round "7"]
[White "Lytschak, Alexander"]
[Black "Marzolo, Cyril"]
[Result "1/2-1/2"]
[WhiteElo "2390"]
[BlackElo "2320"]
[EventDate "1997.09.10"]
[PlyCount "49"]

1.d4 d5 2.c4 c6 3.Nf3 Nf6 4.cxd5 cxd5 5.Nc3 Nc6 6.Bf4 Ne4 7.Qb3 Nxc3 8.
bxc3 g6 9.e4 dxe4 10.Ng5 e6 11.Nxe4 Be7 12.Bh6 Bf8 13.Bxf8 Kxf8 14.Be2 Qe7
15.O-O b6 16.Rfd1 Bb7 17.Qb2 Rd8 18.Qd2 Kg7 19.Qe3 Rd7 20.Rd2 Rhd8 21.Rad1
Qa3 22.h4 Ne7 23.Nf6 Nd5 24.Nxd5 exd5 25.h5 1/2-1/2

[Event "25th ECh U20"]
[Site "Tallinn EST"]
[Date "1997.09.16"]
[Round "7"]
[White "Williams, Simon"]
[Black "Kelly, Brian"]
[Result "1/2-1/2"]
[WhiteElo "2310"]
[BlackElo "2390"]
[EventDate "1997.09.10"]
[PlyCount "63"]

1.c4 e6 2.Nc3 d5 3.d4 Be7 4.Nf3 Nf6 5.cxd5 exd5 6.Bg5 c6 7.Qc2 g6 8.e3 Bf5
9.Bd3 Bxd3 10.Qxd3 Nbd7 11.O-O O-O 12.Rab1 a5 13.Qc2 Re8 14.a3 Ne4 15.Nxe4
dxe4 16.Bxe7 Qxe7 17.Nd2 Qe6 18.Rfc1 Nf6 19.Qb3 Qxb3 20.Nxb3 a4 21.Nd2 Re7
22.Rc4 Nd5 23.Rbc1 Nb6 24.Rc5 Nd7 25.R5c3 Nb6 26.Kf1 Kf8 27.Ke2 h5 28.h4 
Ra6 29.Rg1 Kg7 30.Rcc1 Re6 31.g4 Ra5 32.g5 1/2-1/2

[Event "25th ECh U20"]
[Site "Tallinn EST"]
[Date "1997.09.16"]
[Round "7"]
[White "Shishkov, Andrei"]
[Black "Ruck, Robert"]
[Result "1/2-1/2"]
[WhiteElo "2230"]
[BlackElo "2465"]
[EventDate "1997.09.10"]
[PlyCount "77"]

1.d4 Nf6 2.c4 g6 3.Nc3 Bg7 4.e4 O-O 5.Be3 c6 6.h3 d5 7.cxd5 cxd5 8.e5 Ne4 
9.Bd3 Nxc3 10.bxc3 b6 11.f4 Ba6 12.Bxa6 Nxa6 13.Qd3 Qc8 14.Nf3 Qc4 15.Qxc4
dxc4 16.Nd2 Rfc8 17.Ke2 Nc7 18.Ne4 Nd5 19.Bd2 f5 20.Nf2 b5 21.a4 b4 22.
cxb4 c3 23.Be3 Nxb4 24.Nd3 Nd5 25.Nc5 Rc6 26.Rab1 e6 27.g3 Bf8 28.Rhc1 
Bxc5 29.dxc5 Ra6 30.Bd4 Rxa4 31.Bxc3 Re4+ 32.Kf2 Rc4 33.Ba5 Rxc1 34.Rxc1 
Rc8 35.c6 Kf7 36.c7 Ke7 37.Rc6 Nb6 38.Bxb6 axb6 39.Rxb6 1/2-1/2

[Event "25th ECh U20"]
[Site "Tallinn EST"]
[Date "1997.09.16"]
[Round "7"]
[White "Zaveckis, Laurynas"]
[Black "Dumitrescu, Dragos"]
[Result "0-1"]
[WhiteElo "2235"]
[BlackElo "2410"]
[EventDate "1997.09.10"]
[PlyCount "46"]

1.e4 c5 2.c3 Nf6 3.e5 Nd5 4.d4 cxd4 5.cxd4 d6 6.Nf3 Nc6 7.Bc4 Nb6 8.Bb5 
dxe5 9.Nxe5 Bd7 10.Bxc6 Bxc6 11.Nxc6 bxc6 12.O-O g6 13.Re1 Bg7 14.Bg5 O-O 
15.Bxe7 Qxd4 16.Nc3 Rfe8 17.Qf3 Nc4 18.Qxc6 Rac8 19.Qa6 Nxb2 20.Nb5 Qd2 
21.Nd6 Nd3 22.Nxc8 Qxf2+ 23.Kh1 Nxe1 0-1

[Event "25th ECh U20"]
[Site "Tallinn EST"]
[Date "1997.09.16"]
[Round "7"]
[White "Johansen, Terje"]
[Black "Hunt, Harriet"]
[Result "1/2-1/2"]
[WhiteElo "2210"]
[BlackElo "2360"]
[EventDate "1997.09.10"]
[PlyCount "137"]

1.d4 Nf6 2.c4 e6 3.Nc3 Bb4 4.Qc2 O-O 5.a3 Bxc3+ 6.Qxc3 b6 7.Bg5 c5 8.dxc5 
bxc5 9.e3 d6 10.Bd3 Nbd7 11.Ne2 Qb6 12.Rd1 Rb8 13.Rd2 Ba6 14.Bf4 e5 15.Bg3
Qc6 16.O-O Rb6 17.f3 Rfb8 18.Nc1 Ne8 19.b3 Ndf6 20.Rfd1 Bb7 21.Bc2 Qc8 22.
Nd3 e4 23.Ne1 Qe6 24.f4 Ng4 25.h3 Nh6 26.Bf2 Rc8 27.g4 f5 28.gxf5 Nxf5 29.
Ng2 Kh8 30.Kh2 Rc7 31.Nh4 Bc8 32.Rh1 Qh6 33.Nxf5 Bxf5 34.Kg1 Qg6+ 35.Kf1 
Rd7 36.Be1 h6 37.Bd1 Qe6 38.b4 cxb4 39.axb4 Nc7 40.Bb3 Bxh3+ 41.Kg1 Qf5 
42.Kh2 Bg4 43.Kg1 d5 44.cxd5 Rg6 45.Rh4 Bd1+ 46.Kf2 Bxb3 47.Qxb3 Nxd5 48.
Rc2 Nf6 49.Rc8+ Kh7 50.Rf8 Rd5 51.Bc3 Ng4+ 52.Ke2 Rd2+ 53.Kxd2 Qxf8 54.Bd4
Nf6 55.Rh2 a6 56.Qb1 Qe7 57.b5 axb5 58.Qxb5 Ne8 59.Qd5 Nd6 60.f5 Rf6 61.
Bxf6 Qxf6 62.Rf2 Qb2+ 63.Ke1 Qb1+ 64.Ke2 Ne8 65.Rg2 Nf6 66.Qc5 Qd3+ 67.Ke1
Nd5 68.Rg3 Nc3 69.Rxg7+ 1/2-1/2

[Event "25th ECh U20"]
[Site "Tallinn EST"]
[Date "1997.09.16"]
[Round "7"]
[White "Papazov, Yvajlo"]
[Black "Balogh, Peter"]
[Result "0-1"]
[WhiteElo "2240"]
[BlackElo "2285"]
[EventDate "1997.09.10"]
[PlyCount "79"]

1.c4 Nf6 2.Nf3 g6 3.b4 Bg7 4.Bb2 d6 5.e3 O-O 6.d4 c5 7.b5 cxd4 8.exd4 e5 
9.dxe5 Ng4 10.Be2 Nxe5 11.Nxe5 dxe5 12.O-O Nd7 13.Nc3 Nc5 14.Ba3 b6 15.Na4
Qxd1 16.Bxd1 e4 17.Rb1 Bd4 18.Bb2 Bxb2 19.Nxc5 bxc5 20.Rxb2 Be6 21.Be2 
Rfd8 22.a4 Rd4 23.Rc1 Rad8 24.a5 Rd2 25.Rcb1 Rxb2 26.Rxb2 Kf8 27.f3 exf3 
28.gxf3 g5 29.Kf2 Ke7 30.Ke3 Rd4 31.b6 axb6 32.a6 Rd8 33.a7 Ra8 34.Ra2 Bc8
35.Bd3 f5 36.f4 h6 37.Be2 Bb7 38.Bd3 Kf6 39.fxg5+ hxg5 40.Be2 0-1

[Event "25th ECh U20"]
[Site "Tallinn EST"]
[Date "1997.09.16"]
[Round "7"]
[White "Hnydiuk, Aleksander"]
[Black "Rylander, Dennis"]
[Result "1-0"]
[WhiteElo "2375"]
[BlackElo "2100"]
[EventDate "1997.09.10"]
[PlyCount "93"]

1.e4 c6 2.d4 d5 3.Nc3 dxe4 4.Nxe4 Nd7 5.Ng5 Ngf6 6.Bc4 e6 7.Qe2 Nb6 8.Bb3 
h6 9.N5f3 Qc7 10.Nh3 g5 11.Ne5 c5 12.Be3 Nfd5 13.O-O-O Bg7 14.Nc4 Nxe3 15.
fxe3 cxd4 16.exd4 Nxc4 17.Bxc4 Bd7 18.Rhf1 Rc8 19.Bb3 O-O 20.Nf2 a5 21.a4 
Qb6 22.Kb1 f5 23.g4 Rce8 24.gxf5 Rxf5 25.Ne4 Rxf1 26.Qxf1 Rf8 27.Qe2 Bxd4 
28.Qd3 Rf4 29.Qxd4 Qxd4 30.Rxd4 Bc6 31.Rd8+ Kf7 32.Nc5 Ke7 33.Rb8 Rh4 34.
Nxb7 Rxh2 35.Nxa5 Be4 36.Rb6 Bf5 37.Nc6+ Kf6 38.Nd4 g4 39.Nxf5 Kxf5 40.
Bxe6+ Kg5 41.Rb5+ Kh4 42.a5 g3 43.Rb4+ Kh5 44.Rg4 g2 45.Ka2 Rh4 46.Rxg2 
Rg4 47.Bxg4+ 1-0

[Event "25th ECh U20"]
[Site "Tallinn EST"]
[Date "1997.09.16"]
[Round "7"]
[White "Pandars, Maris"]
[Black "Jakupovic, Neven"]
[Result "1-0"]
[WhiteElo "2205"]
[BlackElo "2090"]
[EventDate "1997.09.10"]
[PlyCount "71"]

1.e4 c6 2.d4 d5 3.e5 c5 4.dxc5 Nc6 5.Nf3 Bg4 6.Bb5 Qc7 7.Qxd5 e6 8.Qe4 
Bxf3 9.gxf3 Bxc5 10.O-O Ne7 11.Be3 Bxe3 12.fxe3 O-O-O 13.Bxc6 Nxc6 14.f4 
Qb6 15.Na3 Kb8 16.Nc4 Qc5 17.Rfd1 g5 18.c3 a5 19.Nd6 Rd7 20.Rab1 Ka8 21.b4
Qa7 22.b5 Nb8 23.b6 Qa6 24.c4 Rhd8 25.Rb5 Nc6 26.a3 Kb8 27.Rdb1 Rf8 28.Rc5
h5 29.Rbb5 Rfd8 30.Kf2 Rxd6 31.exd6 Rxd6 32.Ke2 Kc8 33.Rxc6+ Rxc6 34.Qd4 
a4 35.Kf3 Kb8 36.Qh8+ 1-0

[Event "25th ECh U20"]
[Site "Tallinn EST"]
[Date "1997.09.16"]
[Round "7"]
[White "Andrade, Jose Veira"]
[Black "Meyer, Harvey"]
[Result "1/2-1/2"]
[WhiteElo "2100"]
[BlackElo "2160"]
[EventDate "1997.09.10"]
[PlyCount "99"]

1.c4 c5 2.Nc3 Nc6 3.g3 g6 4.Bg2 Bg7 5.e3 Nf6 6.Nge2 O-O 7.a3 d6 8.Rb1 Bf5 
9.d3 Qc8 10.h3 h5 11.b4 cxb4 12.axb4 a6 13.b5 axb5 14.Nxb5 Ra5 15.Bb2 Ne5 
16.e4 Bd7 17.Bc3 Ra6 18.f4 Nc6 19.Qb3 Ne8 20.Qb2 Qa8 21.Bxg7 Ra2 22.Qb3 
Nxg7 23.Nbc3 Ra7 24.O-O Ne6 25.Qb2 Rd8 26.f5 Nc5 27.fxg6 fxg6 28.Nf4 Kh7 
29.Qe2 Rf8 30.Nxh5 gxh5 31.Qxh5+ Kg8 32.Qg5+ Kh8 33.Nd5 Rxf1+ 34.Rxf1 Ra1 
35.Qh5+ Kg7 36.Qf7+ Kh8 37.Nf4 Rxf1+ 38.Bxf1 Ne5 39.Qh5+ Kg8 40.d4 Qa7 41.
Qg5+ Kf8 42.Qh6+ Kg8 43.dxe5 dxe5 44.Qg5+ Kf7 45.Qg6+ Kf8 46.Nd5 Nxe4+ 47.
Kh1 Qf2 48.Qh6+ Kg8 49.Qg6+ Kf8 50.Qh6+ 1/2-1/2

[Event "25th ECh U20"]
[Site "Tallinn EST"]
[Date "1997.09.17"]
[Round "8"]
[White "Banikas, Hristos"]
[Black "Rabinovich, Alexander"]
[Result "1-0"]
[WhiteElo "2450"]
[BlackElo "2415"]
[EventDate "1997.09.10"]
[PlyCount "43"]

1.d4 d5 2.c4 dxc4 3.Nf3 b5 4.e3 c6 5.a4 e6 6.b3 Bb4+ 7.Bd2 Bxd2+ 8.Nfxd2 
a5 9.axb5 cxb5 10.bxc4 b4 11.Qf3 Ra7 12.Qg3 Nd7 13.Qxg7 Qf6 14.Qg3 Bb7 15.
c5 Bc6 16.Nc4 a4 17.Qd6 Ne7 18.Ne5 Qf5 19.Bd3 Bxg2 20.c6 Nxe5 21.Qb8+ Nc8 
22.Bxf5 1-0

[Event "25th ECh U20"]
[Site "Tallinn EST"]
[Date "1997.09.17"]
[Round "8"]
[White "Hunt, Harriet"]
[Black "Belichev, Nikolai"]
[Result "0-1"]
[WhiteElo "2360"]
[BlackElo "2345"]
[EventDate "1997.09.10"]
[PlyCount "140"]

1.e4 c5 2.Nf3 d6 3.d4 cxd4 4.Nxd4 Nf6 5.Nc3 Nc6 6.Bg5 e6 7.Qd2 a6 8.O-O-O 
h6 9.Be3 Be7 10.f3 Nxd4 11.Qxd4 b5 12.e5 dxe5 13.Qxe5 Qa5 14.Kb1 O-O 15.
Bd3 Bb7 16.Bd2 Qb6 17.Be3 Qa5 18.Bd2 Qb6 19.Qg3 Kh8 20.Qh3 Rfd8 21.g4 b4 
22.g5 bxc3 23.Bxc3 e5 24.Bxe5 Qe6 25.Qxe6 fxe6 26.gxf6 gxf6 27.Bf4 Bxf3 
28.Bxh6 Bxh1 29.Rxh1 e5 30.Be3 Rg8 31.b3 a5 32.a4 Rac8 33.Rf1 Rg2 34.h3 
Rg3 35.Bb6 Bd8 36.Bxd8 Rxd8 37.Rxf6 Re8 38.Rh6+ Kg7 39.Rh7+ Kf6 40.Rh6+ 
Kg5 41.Ra6 e4 42.Rxa5+ Kf4 43.Bc4 e3 44.Ra7 e2 45.Bxe2 Rxe2 46.Kb2 Rgg2 
47.Rc7 Ke5 48.b4 Kd6 49.Rc4 Rg7 50.Rd4+ Ke5 51.Rd8 Re4 52.c3 Ke6 53.Kb3 
Rd7 54.Rg8 Kd6 55.Rg3 Rde7 56.Rd3+ Kc6 57.Rg3 Kb7 58.a5 Re3 59.Rg2 Rc7 60.
Rc2 Ka6 61.h4 Rh3 62.h5 Kb5 63.h6 Rc4 64.Kb2 Rxh6 65.Rc1 Rh2+ 66.Kb3 Rh3 
67.Kb2 Rch4 68.Rc2 Rh2 69.Rxh2 Rxh2+ 70.Kb3 Rh3 0-1

[Event "25th ECh U20"]
[Site "Tallinn EST"]
[Date "1997.09.17"]
[Round "8"]
[White "Agopov, Mikael"]
[Black "Lytschak, Alexander"]
[Result "1-0"]
[WhiteElo "2300"]
[BlackElo "2390"]
[EventDate "1997.09.10"]
[PlyCount "79"]

1.e4 c6 2.d4 d5 3.e5 Bf5 4.Nc3 e6 5.g4 Bg6 6.Nge2 Ne7 7.Nf4 c5 8.Be3 Nec6 
9.h4 cxd4 10.Bxd4 Be7 11.h5 Bxc2 12.Qxc2 Nxd4 13.Qa4+ Ndc6 14.O-O-O Nd7 
15.Nd3 a6 16.Kb1 b5 17.Qf4 O-O 18.Qg3 Rc8 19.f4 f6 20.f5 fxe5 21.fxe6 Nb6 
22.Nxe5 Qc7 23.Nxc6 Qxg3 24.Nxe7+ Kh8 25.Nxc8 Rxc8 26.Bd3 Qxg4 27.Rde1 Re8
28.Rhf1 Qg3 29.Bc2 Nc4 30.Re2 Ne3 31.Rfe1 d4 32.Bb3 Qh3 33.Nd1 Nxd1 34.
Bxd1 d3 35.Rf2 h6 36.e7 Qd7 37.Rf8+ Kh7 38.Bb3 g5 39.Rf7+ Kh8 40.Re6 1-0

[Event "25th ECh U20"]
[Site "Tallinn EST"]
[Date "1997.09.17"]
[Round "8"]
[White "Stocek, Jiri"]
[Black "Pandars, Maris"]
[Result "0-1"]
[WhiteElo "2470"]
[BlackElo "2205"]
[EventDate "1997.09.10"]
[PlyCount "80"]

1.d4 e6 2.c4 c5 3.d5 exd5 4.cxd5 d6 5.Nc3 Be7 6.e4 a6 7.a4 Bf6 8.Bd3 Ne7 
9.h3 Ng6 10.Nf3 O-O 11.O-O b6 12.Be3 Nd7 13.Nd2 Re8 14.f4 Rb8 15.Kh1 b5 
16.axb5 Bxc3 17.bxc3 axb5 18.Qe2 c4 19.Bc2 Qc7 20.Ra7 Rb7 21.Ra6 Rb6 22.
Bxb6 Nxb6 23.Raa1 Nxd5 24.f5 Nf8 25.Qf3 Nf6 26.Rfb1 Qc5 27.Ra8 Re7 28.Rb8 
Bb7 29.Rxb7 Rxb7 30.e5 Qxe5 31.Qxb7 Qxc3 32.Ne4 Qxc2 33.Nxf6+ gxf6 34.Qxb5
d5 35.Rf1 d4 36.Rf3 d3 37.Rg3+ Ng6 38.fxg6 hxg6 39.Qe8+ Kg7 40.Rg4 d2 0-1

[Event "25th ECh U20"]
[Site "Tallinn EST"]
[Date "1997.09.17"]
[Round "8"]
[White "Kelly, Brian"]
[Black "Shishkov, Andrei"]
[Result "0-1"]
[WhiteElo "2390"]
[BlackElo "2230"]
[EventDate "1997.09.10"]
[PlyCount "100"]

1.Nf3 Nf6 2.c4 e6 3.Nc3 b6 4.g3 Bb7 5.Bg2 c5 6.O-O Nc6 7.e4 Qb8 8.d4 cxd4 
9.Nxd4 Nxd4 10.Qxd4 Bd6 11.Qd3 O-O 12.b3 Be5 13.Bb2 Rd8 14.f4 Qd6 15.Qe2 
Bd4+ 16.Kh1 Qe7 17.Rae1 d6 18.g4 Re8 19.g5 Nd7 20.Qd2 Bxc3 21.Bxc3 f6 22.
gxf6 Nxf6 23.e5 dxe5 24.Rxe5 Rad8 25.Qe2 Bxg2+ 26.Qxg2 Rd3 27.Ba1 Qf7 28.
f5 Rd6 29.Rfe1 h6 30.Bb2 Qd7 31.R5e2 Nh5 32.Qf3 Qc6 33.Re4 Rf8 34.f6 Nxf6 
35.Bxf6 Rxf6 36.Qg2 Qd7 37.R4e2 Rd1 38.Qa8+ Rf8 39.Qe4 Rxe1+ 40.Rxe1 Re8 
41.Rf1 e5 42.Rg1 Qf7 43.Re1 Qe6 44.Rf1 Rd8 45.Re1 Rf8 46.Kg2 Rf5 47.Kh1 
Qf6 48.Rg1 Rf4 49.Qd5+ Kh7 50.b4 Rd4 0-1

[Event "25th ECh U20"]
[Site "Tallinn EST"]
[Date "1997.09.17"]
[Round "8"]
[White "Balogh, Peter"]
[Black "Williams, Simon"]
[Result "1/2-1/2"]
[WhiteElo "2285"]
[BlackElo "2310"]
[EventDate "1997.09.10"]
[PlyCount "52"]

1.d4 e6 2.c4 f5 3.g3 Nf6 4.Bg2 c6 5.Nf3 d5 6.O-O Bd6 7.Bf4 Bxf4 8.gxf4 O-O
9.e3 Bd7 10.Qb3 Qb6 11.Nc3 Ne4 12.Nxe4 fxe4 13.Ne5 Be8 14.f3 exf3 15.Rxf3 
Nd7 16.Raf1 Qxb3 17.axb3 Nxe5 18.fxe5 Bg6 19.Bh3 Rxf3 20.Rxf3 Re8 21.Rf1 
Bd3 22.Rc1 Kf7 23.cxd5 cxd5 24.Bg4 Re7 25.Kg2 Kg6 26.h4 Kf7 1/2-1/2

[Event "25th ECh U20"]
[Site "Tallinn EST"]
[Date "1997.09.17"]
[Round "8"]
[White "Ooms, Andy"]
[Black "Dumitrescu, Dragos"]
[Result "0-1"]
[WhiteElo "2170"]
[BlackElo "2410"]
[EventDate "1997.09.10"]
[PlyCount "88"]

1.d4 Nf6 2.Nf3 g6 3.g3 Bg7 4.Bg2 O-O 5.O-O d6 6.b3 c5 7.c4 Nc6 8.Bb2 Rb8 
9.Nc3 a6 10.dxc5 dxc5 11.Na4 Nd7 12.Bxg7 Kxg7 13.Qd2 Qc7 14.Rfd1 b6 15.
Qb2+ Kg8 16.Rd2 b5 17.cxb5 axb5 18.Nc3 Nf6 19.Rad1 Bf5 20.Ng5 c4 21.e4 Bg4
22.f3 Bc8 23.Nd5 Nxd5 24.exd5 Ne5 25.Ne4 f5 26.d6 Qa7+ 27.Kh1 Nd3 28.Rxd3 
cxd3 29.Nc3 Rd8 30.Rxd3 Rxd6 31.Rxd6 exd6 32.Nd5 Qg7 33.Qc1 Be6 34.Nf4 Rc8
35.Qd1 Qb2 36.Qg1 Rc1 37.Bf1 Qa1 38.Kg2 Qxa2+ 39.Kh3 Qxb3 40.Qb6 Rxf1 41.
Qd8+ Kg7 42.Qxd6 Bg8 43.Qd4+ Kh6 44.Nh5 Qc4 0-1

[Event "25th ECh U20"]
[Site "Tallinn EST"]
[Date "1997.09.17"]
[Round "8"]
[White "Zaveckis, Laurynas"]
[Black "Grotz, Harald"]
[Result "1-0"]
[WhiteElo "2235"]
[BlackElo "2245"]
[EventDate "1997.09.10"]
[PlyCount "107"]

1.e4 c5 2.c3 d5 3.exd5 Qxd5 4.d4 Nf6 5.Na3 e5 6.Nb5 Na6 7.Nf3 cxd4 8.cxd4 
exd4 9.Nbxd4 Bb4+ 10.Bd2 Bxd2+ 11.Qxd2 Qe4+ 12.Be2 O-O 13.O-O Nc5 14.Rfe1 
Qd5 15.Rad1 Qxa2 16.Qb4 Na6 17.Qe7 Bd7 18.Ne5 Rfe8 19.Qd6 Be6 20.Nxe6 Qxe6
21.Bc4 Qxd6 22.Rxd6 Re7 23.f4 Nc5 24.Red1 Ne6 25.Nxf7 Nxf4 26.g3 Ng6 27.
Rd8+ Rxd8 28.Rxd8+ Ne8 29.Ng5+ Kh8 30.Bf7 Ne5 31.Rxe8+ Rxe8 32.Bxe8 Nd3 
33.Nf7+ Kg8 34.Nd6 Nxb2 35.Nxb7 Nd3 36.Bb5 Ne5 37.Nd6 Kf8 38.Kf2 Ng4+ 39.
Kg1 Ne5 40.Kg2 h6 41.Nc8 a5 42.Nd6 Ke7 43.Nb7 g5 44.Nxa5 Kf6 45.Nc4 Ng6 
46.h3 Nf8 47.Ne3 h5 48.Kf3 Ng6 49.Ke4 Nf8 50.Nd5+ Kg6 51.Be8+ Kh6 52.Kf5 
Nh7 53.Nf6 Nf8 54.Bxh5 1-0

[Event "25th ECh U20"]
[Site "Tallinn EST"]
[Date "1997.09.17"]
[Round "8"]
[White "Meyer, Harvey"]
[Black "Zhitin, Juri"]
[Result "0-1"]
[WhiteElo "2160"]
[BlackElo "2215"]
[EventDate "1997.09.10"]
[PlyCount "88"]

1.c4 Nf6 2.Nc3 d5 3.cxd5 Nxd5 4.g3 g6 5.Bg2 Nb6 6.Nf3 Bg7 7.d3 O-O 8.Be3 
h6 9.O-O Na6 10.Rc1 Kh7 11.a3 c5 12.Qc2 Be6 13.h4 Qd7 14.Rfd1 Bf5 15.Bf4 
f6 16.Qb3 e5 17.Be3 Rac8 18.Nd2 Be6 19.Nc4 Rfd8 20.Nb5 Ra8 21.Nxa7 Nd5 22.
Nb5 Nxe3 23.fxe3 f5 24.Nc3 Rab8 25.Qb5 Qf7 26.b4 cxb4 27.axb4 Nc7 28.Qc5 
b6 29.Qc6 Qe7 30.Nb5 Nxb5 31.Qxb5 Bd7 32.Bc6 Bxc6 33.Qxc6 b5 34.Nb6 Rd6 
35.Nd5 Qd8 36.Qc7 Rxd5 37.Qf7 Rd7 38.Qe6 Rb6 39.Rc6 Rxc6 40.Qxc6 f4 41.
exf4 exf4 42.gxf4 Rc7 43.Qxb5 Bd4+ 44.Kg2 Qxh4 0-1